Statistics for Johnny Cash Quiz

Click here to take the quiz!

General Stats

  • This quiz has been taken 77 times
  • The average score is 12 of 20

Answer Stats

HintAnswer% Correct
His favorite colorBlack
85%
His second wifeJune Carter
85%
State prison in California where his hit live album in 1968 was recordedFolsom
81%
Cash bought this instrument n a local store off base and began learning to play.Guitar
81%
Year of death2003
78%
In 1944, Cash's older brother, with whom he was close, was cut almost in two by an unguarded table saw at work and died a week later. His name was?Jack
73%
In 2002, Cash’s made a cover of this Nine Inch Nails’ industrial-rock styled songHurt
71%
Branch of the US Armed Forced where Johnny enlistedAir Force
68%
Co-written by his second wife and the very talented Merle Kilgore, by name this track remains the greatest track Cash ever had a hand in, it defines his legacy and adds fuel to the fires of his greatness.Ring of Fire
68%
2005 biographical musical romantic drama film directed by James Mangold about his lifeWalk the Line
68%
State where he was born and raisedArkansas
66%
American country music supergroup, composed of four of country music's biggest artists who pioneered the outlaw country subgenre: Johnny Cash, Waylon Jennings, Willie Nelson, and Kris Kristofferson.The Highwaymen
66%
Johnny and his second wife got married in a fever, hotter than a pepper sprout in this cityJackson
64%
The Cash farm in Dyess experienced this natural disaster, which led Cash later to write the song "Five Feet High and RisingFlood
63%
American independent record label founded by producer Sam Phillips in Memphis, Tennessee in February 1952. It was first label to record Elvis Presley, Charlie Rich, Roy Orbison, Jerry Lee Lewis, Carl Perkins, and Johnny Cash.
Sun Records
56%
City in Tennessee where he lived and where he had sold appliances while studying to be a radio announcer.Memphis
53%
His first wifeVivian
32%
Town of birthKingsland
31%
His daughterRosanne Cash
31%
Country (former sovereign country) where he worked as a Morse code operatorWest Germany
19%

Score Distribution

Percentile by Number Answered

Percent of People with Each Score

Your Score History

You have not taken this quiz